| 000 -LEADER |
| fixed length control field |
00947cam a2200241 a 4500 |
| 001 - CONTROL NUMBER |
| control field |
12118030 |
| 005 - DATE AND TIME OF LATEST TRANSACTION |
| control field |
20210608131228.0 |
| 008 - FIXED-LENGTH DATA ELEMENTS--GENERAL INFORMATION |
| fixed length control field |
990517s1999 enka 000 0 eng d |
| 020 ## - INTERNATIONAL STANDARD BOOK NUMBER |
| International Standard Book Number |
9781853465833 |
| 041 ## - LANGUAGE CODE |
| Language code of text/sound track or separate title |
eng |
| 080 ## - UNIVERSAL DECIMAL CLASSIFICATION NUMBER |
| Universal Decimal Classification number |
376.2 C-52 |
| 245 00 - TITLE STATEMENT |
| Title |
Children with visual impairment in mainstream settings / |
| Statement of responsibility, etc. |
Christine Arter ... [et al.]. |
| 264 ## - PRODUCTION, PUBLICATION, DISTRIBUTION, MANUFACTURE, AND COPYRIGHT NOTICE |
| Place of production, publication, distribution, manufacture |
London : |
| Name of producer, publisher, distributor, manufacturer |
David Fulton, |
| Date of production, publication, distribution, manufacture, or copyright notice |
1999. |
| 300 ## - PHYSICAL DESCRIPTION |
| Extent |
62 p. : |
| Other physical details |
ill. ; |
| Dimensions |
25 cm. |
| 653 ## - INDEX TERM--UNCONTROLLED |
| keyword |
მხედველობის შეზღუდული შესაძლებლობის მქონე ბავშვები |
| 653 ## - INDEX TERM--UNCONTROLLED |
| keyword |
პედაგოგიკა |
| 653 ## - INDEX TERM--UNCONTROLLED |
| keyword |
Дети с нарушениями зрения |
| 653 ## - INDEX TERM--UNCONTROLLED |
| keyword |
педагогика |
| 700 1# - ADDED ENTRY--PERSONAL NAME |
| Personal name |
Arter, Christine. |
| Relator term |
ავტორი |
| 9 (RLIN) |
11976 |
| 700 1# - ADDED ENTRY--PERSONAL NAME |
| Personal name |
Mason, Healther L. |
| Relator term |
ავტორი |
| 9 (RLIN) |
11977 |
| 700 1# - ADDED ENTRY--PERSONAL NAME |
| Personal name |
McCall, Steve and other |
| Relator term |
ავტორი |
| 9 (RLIN) |
11978 |
| 942 ## - ADDED ENTRY ELEMENTS (KOHA) |
| Source of classification or shelving scheme |
|
| Koha item type |
წიგნი |